| 000 | 01935nam0a2200337 4500 | ||
|---|---|---|---|
| 001 | RU\NLR\bibl\1794396 | ||
| 005 | 20260408061004.0 | ||
| 021 |
_aRU _b2011-51822 _93698 |
||
| 035 | _a(nilc)RSL-KNO-004970108 | ||
| 035 | _a(NLR Aleph) 001785084 | ||
| 090 |
_a1721992 _c1721992 |
||
| 100 | _a20110711d2009 |||y0rusy50 ca | ||
| 101 | 0 | _arus | |
| 102 | _aRU | ||
| 105 | _aa ||||||||| | ||
| 200 | 1 |
_aСтуденческие исследования - производству _eсборник работ 17-й студенческой научной конференции _fМ-во сельского хоз-ва Российской Федерации, Дальневосточный гос. аграрный ун-т _g[редкол.: Тихончук П.В. и др.] |
|
| 210 |
_aБлаговещенск _cИзд-во ДальГАУ _d2009 |
||
| 215 |
_a74 с. _cил., табл. _d21 |
||
| 320 | _aБиблиогр. в конце докл. | ||
| 601 | 0 | 2 |
_aДальневосточный государственный аграрный университет _cБлаговещенск, город; Амурская область _jСъезды, совещания и т.п. _xНаучно-исследовательская работа студентов _92618466 _3RU\NLR\auth\661555026 |
| 686 |
_aЯ431(2Р55)3 _2rubbk |
||
| 686 | _aЧ488.812.68я431 | ||
| 702 | 1 |
_4340 _aТихончук _bП. В. _cд-р с.-х. наук _gПавел Викторович _9155690 _3RU\NLR\AUTH\770155729 |
|
| 711 | 0 | 2 |
_aДальневосточный государственный аграрный университет _cБлаговещенск _bСтуденческая научная конференция _d17 _f2009 _3RU\NLR\AUTH\8810205190 _9298151 |
| 801 | 0 |
_aRU _bRuMoRKP _c20110711 _grcr |
|
| 801 | 1 |
_aRU _bРГБ _c20110711 |
|
| 801 | 2 |
_aRU _bNLR _c20110802 _grcr |
|
| 942 | _cBOOK | ||
| 980 | _aNB | ||